| 000 | 00476nam a2200181Ia 4500 | ||
|---|---|---|---|
| 005 | 20250423101134.0 | ||
| 008 | 250422s9999 xx 000 0 und d | ||
| 020 | _a0- 671- 21988- X | ||
| 050 | _aCB 53. D85/ | ||
| 100 | _aDurant, Will | ||
| 245 | 4 | _aThe age of Napoleon: a history of European civilization from 1789 to 1815 | |
| 260 | _aNew York | ||
| 260 | _bSimon and Schuster | ||
| 260 | _c1975 | ||
| 300 | _a872 p | ||
| 650 | _aEurope- civilization | ||
| 942 | _cBK | ||
| 999 |
_c35403 _d35403 |
||